Τέχνη και εξουσία
Αποθηκεύτηκε σε:
| Κύριος συγγραφέας: | |
|---|---|
| Μορφή: | Βιβλίο |
| Γλώσσα: | Greek |
| Δημοσίευση: |
Αθήνα :
Καστανιώτης,
1985
|
| Θέματα: | |
| Ετικέτες: |
Προσθήκη ετικέτας
Δεν υπάρχουν, Καταχωρήστε ετικέτα πρώτοι!
|
MARC
| LEADER | 00000nam a2200000 i 4500 | ||
|---|---|---|---|
| 001 | 1/20385 | ||
| 008 | 960927s1985 gre d | ||
| 035 | |a 1986 |b 3 |c Τσιάκαλος |l 10036022 | ||
| 040 | |a GR-MY-UA |b gre |e aacr | ||
| 041 | 0 | |a gre | |
| 082 | 0 | |a 889.4 | |
| 100 | 1 | |a Ραυτόπουλος, Δημήτρης. | |
| 245 | 1 | 0 | |a Τέχνη και εξουσία / |c Δημήτρης Ραυτόπουλος |
| 260 | |a Αθήνα : |b Καστανιώτης, |c 1985 | ||
| 300 | |a 225 σ. | ||
| 650 | 0 | 0 | |a Art and state. |
| 650 | 0 | 0 | |a Greek essays, Modern. |
| 852 | |a INST |b RHODES |e 19960927 |h 889.4 ΡΑΥ |p 005400009030 |q 005400009030 |t BK |y 0 | ||
| 909 | |a Ρ |b 003351 |c 1986 | ||
| 970 | |z 2000/06/ΚΑΤΕΡΙΝΑ | ||